Жена Цезаря вне подозрений: роман

Detaylı Bibliyografya
Yazar: Горская Е. Евгения
Özet:Светлана давно мечтала выйти замуж за Виктора Кузьменко, своего любовника и по совместительству шефа. Вроде бы ничего не мешало их счастью: она одинока, Виктор — состоятельный вдовец. Однако у Светланы появился загадочный враг, всеми силами стремящийся не допустить свадьбы: она чувствовала, что за каждым ее шагом следят, пытаясь найти компромат. А когда разрушить ее роман с Виктором не удалось, девушку попытались отравить, добавив яд в бутылку мартини... Света решила присмотреться к семье жениха и узнала много интересного: сын Виктора изменяет жене Лизе, но давно уже тяготится любовницей, а Лиза следит за мужем и явно что-то замышляет... Но какое отношение все это имеет к ней, Светлане?
Dil:Rusça
Baskı/Yayın Bilgisi: Москва, Эксмо, 2013
Seri Bilgileri:Татьяна Устинова рекомендует
Konular:
Materyal Türü: MixedMaterials Kitap
KOHA link:https://koha.lib.tpu.ru/cgi-bin/koha/opac-detail.pl?biblionumber=241482

MARC

LEADER 00000nam0a2200000 4500
001 241482
005 20231101231821.0
010 |a 9785699632121 
035 |a (RuTPU)RU\TPU\book\262756 
090 |a 241482 
100 |a 20130722d2013 m y0rusy50 ca 
101 0 |a rus 
102 |a RU 
105 |a y z 000ay 
200 1 |a Жена Цезаря вне подозрений  |e роман  |f Е. Горская 
210 |a Москва  |c Эксмо  |d 2013 
215 |a 352 с. 
225 1 |a Татьяна Устинова рекомендует 
330 |a Светлана давно мечтала выйти замуж за Виктора Кузьменко, своего любовника и по совместительству шефа. Вроде бы ничего не мешало их счастью: она одинока, Виктор — состоятельный вдовец. Однако у Светланы появился загадочный враг, всеми силами стремящийся не допустить свадьбы: она чувствовала, что за каждым ее шагом следят, пытаясь найти компромат. А когда разрушить ее роман с Виктором не удалось, девушку попытались отравить, добавив яд в бутылку мартини... Света решила присмотреться к семье жениха и узнала много интересного: сын Виктора изменяет жене Лизе, но давно уже тяготится любовницей, а Лиза следит за мужем и явно что-то замышляет... Но какое отношение все это имеет к ней, Светлане? 
606 1 |a Русская литература современная  |2 stltpush  |3 (RuTPU)RU\TPU\subj\26373  |9 50316 
610 1 |a романы 
610 1 |a женские романы 
610 1 |a детективы 
675 |a Р2  |v 3 
700 1 |a Горская  |b Е.  |g Евгения 
801 1 |a RU  |b 63413507  |c 20130722 
801 2 |a RU  |b 63413507  |c 20130723  |g RCR 
942 |c BK